| 000 | 00632nam a2200193 a 4500 | ||
|---|---|---|---|
| 005 | 20140310183526.0 | ||
| 008 | 111109s19uu xx 00 eng d | ||
| 020 | _a978-0-240-81171-0 | ||
| 050 |
_aTR 591 _b.F74 2009 |
||
| 100 | _aFreeman, Michael | ||
| 245 |
_aMichael Freeman's perfect exposure : _bthe professional guide to capturing perfect digital photographs / _cMichael Freeman. |
||
| 260 |
_aMassachusetts : _bFocal Press, _c2009. |
||
| 300 |
_a192 p. : _bcol. ill. ; _c30 cm. |
||
| 521 | _aMA | ||
| 650 |
_aPhotography _xExposure |
||
| 650 |
_aPhotography _xDigital techniques |
||
| 942 |
_cBK _2lcc _kFOR |
||
| 999 |
_c24525 _d24525 |
||